000 00637nam a22002297a 4500
001 BR9511518
003 BR-BrBNA
005 20230928094859.0
007 ta
008 230509b bl.||||| |||| 00| 0 por d
040 _aBR-BrBNA
_bpor
_cBiblioteca Nacional de Agricultura
041 _a(Por)
072 _aD50
090 _ D50 BR9511518
110 1 _aEmpresa de Assistencia Tecnica e Extensao Rural, Curitiba, PR (Brasil)
_94061
245 1 _aAtos constitutivos da EMATER - Parana
260 3 _aCuritiba, PR (Brasil):
_c1979.
300 _a14 p.
650 _aLegislacao
909 _a202309
_bLucia
_c55
_dLucia Elande
942 _cBK
999 _c53194
_d53194